[Event "Asia-ch U20"]
[Site "Jamshedpur"]
[Date "2023.09.12"]
[Round "6"]
[White "Ajay, Santhosh Parvathare"]
[Black "Singla, Aaryan"]
[Result "1-0"]
[WhiteElo "2184"]
[BlackElo "1798"]
[PlyCount "93"]
[EventDate "2023.09.09"]
[EventType "swiss"]
[EventRounds "9"]
[EventCountry "IND"]
[SourceTitle "EXT 2024"]
[Source "ChessBase"]
[SourceDate "2023.10.10"]
[SourceVersion "1"]
[SourceVersionDate "2023.10.10"]
[SourceQuality "1"]

1. e4 c5 2. Nf3 Nc6 3. c3 Nf6 4. Bd3 g6 5. 0-0 Bg7 6. Bc2 d6 7. d3 0-0 8. Nbd2 a6 9. a4 Rb8 10. h3 b5 11. Re1 Bb7 12. Nf1 Qc7 13. Be3 Rfc8 14. Ng3 Nd7 15. Rc1 Nce5 16. Nh2 Nb6 17. f4 Ned7 18. a5 Na4 19. Bxa4 bxa4 20. Qxa4 Bc6 21. Qa3 Qb7 22. Re2 Qb3 23. Qa1 Rc7 24. d4 Bb5 25. Rd2 cxd4 26. Bxd4 Nc5 27. Bxg7 Kxg7 28. Nf3 Nd3 29. Rf1 e5 30. f5 Nc5 31. f6+ Kg8 32. Rfd1 Nb7 33. Rd5 h6 34. Qc1 Kh7 35. Nh2 Bd7 36. Kh1 Qa4 37. R5d3 Nc5 38. Rxd6 Be6 39. Qe3 Nd7 40. Rf1 Rc6 41. Rxe6 Rxe6 42. Ng4 g5 43. Nxh6 Kxh6 44. Nf5+ Kh5 45. h4 Rg8 46. g4+ Kxg4 47. Qf3# 1-0

[Event "Bhubaneswar op-A 14th"]
[Site "Bhubaneswar"]
[Date "2023.06.18"]
[Round "10"]
[White "Shah, Jeet"]
[Black "Singla, Aaryan"]
[Result "1-0"]
[WhiteElo "1988"]
[BlackElo "1630"]
[PlyCount "99"]
[EventDate "2023.06.11"]
[EventType "swiss"]
[EventRounds "10"]
[EventCountry "IND"]
[SourceTitle "CBM 214 Extra"]
[Source "ChessBase"]
[SourceDate "2023.07.31"]
[SourceVersion "1"]
[SourceVersionDate "2023.07.31"]
[SourceQuality "1"]

1. Nf3 d5 2. g3 Nf6 3. Bg2 Bf5 4. 0-0 e6 5. d3 h6 6. Nbd2 Be7 7. Qe1 c6 8. e4 Bh7 9. Qe2 0-0 10. b3 c5 11. Bb2 Nc6 12. Ne5 Nxe5 13. Bxe5 Nd7 14. Bb2 d4 15. e5 Qc7 16. f4 Rae8 17. Qf3 Rb8 18. a4 Nb6 19. Rae1 Rfe8 20. Bc1 f6 21. exf6 Bxf6 22. Bh3 Bf5 23. Bxf5 exf5 24. a5 Na8 25. Qd5+ Kh8 26. Nc4 b5 27. Rxe8+ Rxe8 28. Nd6 Rf8 29. Nxf5 Rd8 30. Qe6 Qd7 31. Re1 Nc7 32. Qxd7 Rxd7 33. g4 Bd8 34. g5 Kh7 35. h4 hxg5 36. fxg5 g6 37. Ng3 Nd5 38. Re8 Bxa5 39. Ne4 Re7 40. Rc8 Nc3 41. Bd2 Nxe4 42. Bxa5 Nd6 43. Rxc5 Re2 44. Rd5 Nf5 45. h5 Ne7 46. Rd7 gxh5 47. Bd8 Rxc2 48. Bxe7 Kg6 49. Rxd4 Rc3 50. b4 1-0

[Event "India rating op"]
[Site "India"]
[Date "2019.02.03"]
[Round "2"]
[White "Kulkarni, Rakesh"]
[Black "Singla, Aaryan"]
[Result "1-0"]
[WhiteElo "2301"]
[BlackElo "1333"]
[PlyCount "92"]
[EventDate "2019.02.03"]
[EventType "swiss"]
[EventRounds "11"]
[EventCountry "IND"]
[SourceTitle "EXT 2021"]
[Source "ChessBase"]
[SourceDate "2020.10.23"]
[SourceVersion "1"]
[SourceVersionDate "2020.10.23"]
[SourceQuality "1"]

1. Nf3 c5 2. c4 Nc6 3. g3 Nf6 4. Bg2 e5 5. 0-0 g6 6. b3 Bg7 7. Bb2 d6 8. Nc3 0-0 9. d3 Ne8 10. e4 f5 11. Nd5 Nc7 12. a3 Ne6 13. b4 Ncd4 14. bxc5 dxc5 15. exf5 gxf5 16. Re1 Nxf3+ 17. Bxf3 Nd4 18. Bg2 f4 19. Be4 Bf5 20. Bxd4 cxd4 21. Bxf5 Rxf5 22. Qg4 Rg5 23. Qe6+ Kh8 24. Kh1 Rg6 25. Qf5 fxg3 26. fxg3 Qf8 27. Rf1 Qxf5 28. Rxf5 Re8 29. Re1 a6 30. Rb1 e4 31. dxe4 Rxe4 32. Rxb7 Re8 33. Rd7 d3 34. Nf4 Rc6 35. c5 d2 36. Rxd2 Rec8 37. Kg2 h6 38. Rdd5 Kh7 39. h4 Re8 40. Kf3 Rcc8 41. Rf7 Rf8 42. Rxf8 Rxf8 43. c6 Rc8 44. Rd7 Rxc6 45. Nh5 Rg6 46. Ke4 Rg4+ 1-0